Physics of atoms and molecules (Record no. 396413)

MARC details
000 -LEADER
fixed length control field 00551 a2200217 4500
005 - DATE & TIME
control field 20260417114936.0
008 - FIXED-LENGTH DATA ELEMENTS--GENERAL INFORMATION
fixed length control field 260416b |||||||| |||| 00| 0 eng d
020 ## - ISBN
International Standard Book Number 9788177582796
Price Rs. 1490.00
040 ## - CATALOGING SOURCE
Original cataloging agency VIVEKANANDA LIBRARY
082 ## - DDC NUMBER
Classification number 539
Book Number B735P(2)
100 ## - MAIN ENTRY--PERSONAL NAME
Personal name Bransden, B H
245 ## - TITLE STATEMENT
Title Physics of atoms and molecules
250 ## - EDITION STATEMENT
Edition statement 2nd
260 ## - PUBLICATION, DISTRIBUTION, ETC. (IMPRINT)
Name of publisher, distributor, etc Pearson India Education Services
Place of publication, distribution, etc Noida
Date of publication, distribution, etc 2026
300 ## - PHYSICAL DESCRIPTION
Pages xiv, 1114
650 ## - Subject
Subject Physics
650 ## - Subject
Subject Electrons
650 ## - Subject
Subject Quantum Mechanics
700 ## - Added Entry Personal Name
Added Entry Personal Name Joachain, C J
942 ## - ADDED ENTRY ELEMENTS (KOHA)
Koha item type Books
Holdings
Withdrawn status Lost status Source of classification or shelving scheme Damaged status Not for loan Location (home branch) Sublocation or collection (holding branch) Shelving location Date acquired Koha issues (times borrowed) Koha full call number Accession No. Koha date last seen Koha item type
    Dewey Decimal Classification     VIVEKANANDA LIBRARY VIVEKANANDA LIBRARY Vivekananda Library 02/04/2026   539 B735P(2) 450004 02/04/2026 Books
    Dewey Decimal Classification     VIVEKANANDA LIBRARY VIVEKANANDA LIBRARY Vivekananda Library 02/04/2026   539 B735P(2) 450003 02/04/2026 Books
© Designed and Maintained by Vivekananda Library, MDU Rohtak